| 000 | 01917cam a22003851ia4500 | ||
|---|---|---|---|
| 003 | SA-RiAUC | ||
| 005 | 20250728043626.0 | ||
| 008 | 250727s2002 sy g b 000 0 ara c | ||
| 040 |
_aSA-JeALM _bara _cSA-RiAUC _erda |
||
| 043 |
_aa-tu--- _ama----- |
||
| 082 | 0 | 4 |
_a953.09 _qSA-RiAUC |
| 090 |
_a953.09 _bد ر و |
||
| 100 | 1 |
_aدرويش، هدى محمود، _d1953- _eمؤلف. |
|
| 245 | 1 | 2 |
_aالعلاقات التركية اليهودية وأثرها على البلاد العربية منذ قيام دعوة يهود الدونمة 1648 م إلى نهاية القرن العشرين / _cتأليف هدى درويش. |
| 250 | _aالطبعة الأولى. | ||
| 264 | 1 |
_aدمشق ؛ _aبيروت : _bدار القلم، _c2002. |
|
| 300 |
_a2 مجلد (414 ؛ 550 صفحة) ؛ _c25 سم |
||
| 336 |
_aنص _btxt _2rdacontent _3كتاب |
||
| 337 |
_aبدون وسيط _bn _2rdamedia |
||
| 338 |
_aمجلد _bnc _2rdacarrier |
||
| 504 | _aيشتمل على ببليوجرافية. | ||
| 504 | _aببليوجرافية : صفحة 515-539. | ||
| 504 | _aيشتمل على إرجاعات ببليوجرافية. | ||
| 504 | _aببليوجرافية : المجلد الثاني، صفحة 515-539. | ||
| 590 | _aأسماء. | ||
| 650 | 7 |
_aالدونمة _zتركيا _xتاريخ _2aucsh |
|
| 651 | 7 |
_aإسرائيل _xعلاقات خارجية _zتركيا _2aucsh |
|
| 651 | 7 |
_aتركيا _xعلاقات خارجية _zإسرائيل _2aucsh |
|
| 651 | 7 |
_aالبلاد العربية _xعلاقات خارجية _zتركيا _2aucsh |
|
| 651 | 7 |
_aالبلاد العربية _xعلاقات خارجية _zإسرائيل _2aucsh |
|
| 651 | 7 |
_aالبلاد العربية _xتاريخ _yالحكم العثماني، 1517-1918 _2aucsh |
|
| 651 | 7 |
_aتركيا _xتاريخ _yالإمبراطورية العثمانية، 1288-1918 _2aucsh |
|
| 942 |
_2ddc _cBOOK _n0 |
||
| 949 |
_aSA-JeALM _d250727 _uosman123 _n1 |
||
| 999 |
_c10354 _d10354 |
||